书目信息 |
| 题名: |
冈比亚史
|
|
| 作者: | 盖利 著 ;复旦大学 译 | |
| 分册: | ||
| 出版信息: | 上海 上海人民出版社 1974.10 |
|
| 页数: | 391页 | |
| 开本: | 20cm | |
| 丛书名: | ||
| 单 册: | ||
| 中图分类: | K435 | |
| 科图分类: | ||
| 主题词: | 西非--历史 | |
| 电子资源: | ||
| ISBN: | ||
| 000 | 00722nam0 2200253 45 | |
| 001 | 0212161522 | |
| 005 | 20031219104102.3 | |
| 010 | @dCNY1.25 | |
| 091 | @a11171.58 | |
| 100 | @a20021216d1974 km y0chiy0120 ea | |
| 101 | 0 | @achi |
| 105 | @ab z 001yy | |
| 200 | 1 | @a冈比亚史@AGang Bi Ya Shi@f(英)小哈里·A·盖利著@F(Ying)Xiao Ha Li·A·Gai Li Zhu@g复旦大学译 |
| 210 | @a上海@c上海人民出版社@d1974.10 | |
| 215 | @a391页@c地图@d20cm | |
| 300 | @a内部读物 | |
| 300 | @a根据伦敦特利奇和基根保罗出版公司1964年版译出 | |
| 320 | @a附录:索引 | |
| 606 | 0 | @a西非@x历史 |
| 690 | @aK435@v3 | |
| 701 | 0 | @a盖利@4著 |
| 712 | 02 | @a复旦大学@AFu Dan Da Xue@4译 |
| 801 | @aCN@bTSTC@c20021216 | |
| 905 | @f1@b219138@dK435@e10 | |
| 冈比亚史/(英)小哈里·A·盖利著/复旦大学译.-上海:上海人民出版社,1974.10 |
| 391页:地图;20cm |
| 内部读物.-根据伦敦特利奇和基根保罗出版公司1964年版译出 |
| ISBN :CNY1.25 |
| ● |
| 相关链接 |
|
|
|
|
正题名:冈比亚史
索取号:K435/10
 
预约/预借
| 序号 | 登录号 | 条形码 | 馆藏地/架位号 | 状态 | 备注 |
| 1 | 0219138 | 001736839 | 第二样本阅览室/ [索取号:K435/10] | 在馆 |